LEADER 01243nam0 22003131i 450 001 UON00260549 005 20231205103710.252 010 $a05-960006-4-2 100 $a20050118d2002 |0itac50 ba 101 $aeng 102 $aDE 105 $a|||| ||||| 200 1 $aProgramming with Qt$fMatthias Kalle Dalheimer 205 $a2 ed 210 $aKoln$cO'Reilly$dc2002 215 $axviii, 499 p.$cill.$d24 cm 316 $aOG XVIII 016 Prestito smarrito Toscano$5IT-UONSI ******/*** 606 $aSOFTWARE$xDocumentazione$3UONC054253$2FI 620 $aDE$dKöln$3UONL005641 676 $a055.13$cPROGRAMMAZIONE (Informatica) - Linguaggi$v21 700 1$aDALHEIMER$bMatthias Kalle$3UONV152533$065861 712 $aO'Reilly$3UONV270652$4650 801 $aIT$bSOL$c20240220$gRICA 899 $aSIBA - SISTEMA BIBLIOTECARIO DI ATENEO$2UONSI 912 $aUON00260549 950 $aSIBA - SISTEMA BIBLIOTECARIO DI ATENEO$dSI *** *** *** $eSI AA 26962 5 *** OG XVIII 016 Prestito smarrito Toscano$sSmarrito 966 $aPROGRAMMI PER ELABORATORI$ySOFTWARE - Documentazione$3UONC077603 996 $aProgramming with Qt$9378093 997 $aUNIOR LEADER 01484nam0 22003131i 450 001 UON00434058 005 20231205104920.141 010 $a34-7361-404-1 100 $a20131204d1973 |0itac50 ba 101 $ager 102 $aDE 105 $a|||| 1|||| 200 1 $aAudiovisuelle Medien in der Schule$eZur politischen Ökonomie visueller Kommunikation. 2.: Materialien und Modellansätze zur Analyse von Film, Fernsehen und audio-visuellen Unterrichtsmedien$fJohannes Borchardt... [et al.]$gherausgegeben von Heino R. Möller 210 $aRavensburg$cOtto Maier Verlag$d1973 215 $a221 p.$d21 cm. 410 1$1001UON00430603$12001 $aMaterialien zur ästhetischen Erziehung$1210 $aRavensburg$cOtto Maier Verlag$d19- 606 $aCOMUNICAZIONE VISIVA$3UONC044382$2FI 606 $aScuola$xGermania$xStudi$3UONC084897$2FI 620 $aDE$dRavensburg$3UONL005143 676 $a344.07$cEducazione e scuole$v20 700 1$aBORCHARDT$bJohannes$3UONV219393$0712015 702 1$aMÖLLER$bHeino R.$3UONV219392 712 $aMaier$3UONV266855$4650 801 $aIT$bSOL$c20260227$gRICA 899 $aSIBA - SISTEMA BIBLIOTECARIO DI ATENEO E ARCHIVIO STORICO$2UONSI 912 $aUON00434058 950 $aSIBA - SISTEMA BIBLIOTECARIO DI ATENEO E ARCHIVIO STORICO$dSI TED 0 BOR 02 $eSI ST 7741 5 02 $sBuono 996 $aAudiovisuelle Medien in der Schule$91327994 997 $aUNIOR